000
00316nam a22001337a 4500
008
170927b xxu||||| |||| 00| 0 eng d
020
_a
9780873529754
041
_a
eng
080
_2
5TH
_a
37
100
_a
47
101
_a
EDU
245
_a
MLA HANDBOOK FOR WRITERS OF RESEARCH PAPERS
_c
GIBALDI,J
942
_2
udc
_c
BK
999
_c
30216
_d
30216